| 000 | 00853nam a2200253Ia 4500 | ||
|---|---|---|---|
| 003 | OSt | ||
| 005 | 20221005113422.0 | ||
| 006 | a|||||r|||| 00| 0 | ||
| 007 | ta | ||
| 008 | 221004b |||||||| |||| 00| 0 pan d | ||
| 020 | _a9788178836492 (hbk) | ||
| 024 | _a8591 | ||
| 037 |
_bGift, 24/01/2014, _cTextual |
||
| 040 |
_aCRL _cCRL _bpan |
||
| 041 |
_2pan _apan |
||
| 082 | _aO153,2:g, P9 | ||
| 100 | _aਸਿੰਘ, ਪਾਲੀ ਭੁਪਿੰਦਰ | ||
| 245 | 0 | _aਨਾਟਕ ਅਤੇ ਨਾਟ ਚਿੰਤਨ | |
| 260 |
_aਲੁਧਿਆਣਾ _bਚੇਤਨਾ ਪ੍ਰਕਾFਨ ਭਾਰਤ _c2009 |
||
| 300 |
_a135ਪੰ _ccm. |
||
| 650 | _aਪੰਜਾਬੀ ਸਾਹਿਤ | ||
| 942 |
_hO153,2:g, P9 _cTEXL _2cc |
||
| 999 |
_c1028119 _d1028119 |
||